000 00962nam a2200241Ia 4500
001 16722
003 GE_BSU
008 181216s||||||||xx |||||||||||||| ||und||
040 _cGE_BSU
080 _a087.5:656.2(479.22)
100 _aვაისერმანი, კონსტანტინე
245 _aმსოფლიოში პირველი
245 _bთბილისის საბავშვო რკინიგზა
245 _cრედ.ლ.ერისთავი. მხ.ნ.ლაფაჩი
260 _aთბილისი
260 _bნაკადული
260 _c1978
300 _a102გვ. : ილ. ; 20სმ
653 _aთბილისის საბავშვო რკინიგზა
653 _aმსოფლიოში პირველი
653 _aსაბავშვო რკინიგზები საქართველოში
942 _cBK
999 _c49787
_d49787